[Event "ROM-chT"]
[Site "Baile Govora"]
[Date "2017.11.19"]
[Round "9.3"]
[White "Kuzubov, Yuriy"]
[Black "Parligras, Mircea Emilian"]
[Result "1-0"]
[WhiteElo "2690"]
[BlackElo "2613"]
[Annotator "Marin,Mihail"]
[PlyCount "79"]
[EventDate "2017.11.11"]
[EventType "team-tourn"]
[EventRounds "9"]
[EventCountry "ROU"]
[SourceTitle "CBM 182"]
[Source "ChessBase"]
[SourceDate "2018.01.17"]
[SourceVersion "1"]
[SourceVersionDate "2018.01.17"]
[SourceQuality "1"]
[WhiteTeam "Timisoara Medicina"]
[BlackTeam "Iasi Politehnica"]
[WhiteTeamCountry "ROU"]
[BlackTeamCountry "ROU"]

1. Nf3 Nf6 2. g3 d5 3. Bg2 c6 4. b3 Bf5 5. Bb2 e6 6. O-O {This was the last round of the team championship. With our team already as a winner and a huge personal score on the top board in his pocket already, Kuzubov chooses a solid opening. But it does not mean he played without ambition as we will soon see.} h6 ({From the years when I played 1.f3 and 2.g3 almost exclusively I have noticed my opponent's tendency to ensure the bishop's retreat at an early stage. This did not bother me, of course, as it meant I had an extra tempo in the first phase of the game. But even if useful, ...h7-h6 could be played at a later stage. For instance after} 6... Nbd7 7. d3 Be7 8. Nbd2 O-O {White has to choose between c2-c4 and e2-e4 (the latter after preparing it) and with his development complete Black could already play ...h7-h6. If} 9. Nh4 Bg4 10. h3 Bh5 11. g4 Ne8 {things do not run the way White would wish them.}) 7. d3 Nbd7 {Delaying the kingside development for the second time in a row already allows White to save a tempo on the plan with e2-e4.} ({A safer way is} 7... Be7 8. Nbd2 O-O {when White has to spend a tempo to play e2-e4:} 9. Re1 Bh7 10. e4 {Here are two previous games of Kuzubov, which his opponent must have seen during preparation.} a5 11. a3 c5 (11... Nbd7 12. Qe2 Qb6 13. e5 Ne8 14. h4 c5 15. a4 Nc7 16. Nf1 Qa6 $6 17. g4 c4 $6 {Instead of counterplay, Black just ends up missing a pawn.} 18. dxc4 dxc4 19. bxc4 Rac8 20. g5 h5 21. Nd4 $16 {Kuzubov,Y (2624)-Vishnu,P (2369) Chennai 2011 (½-½, 59)}) 12. exd5 Nxd5 13. Ne5 Nd7 14. Nxd7 Qxd7 15. Nc4 Ra6 16. a4 $14 {Kuzubov,Y (2628)-Gustafsson,J (2647) Reykjavik 2011 (½-½, 49)}) 8. Nbd2 Bh7 {Black reckons with the fact that developing his king's bishop would allow e2-e4 at once and plays a half-waiting move hoping to provoke e1 or e1.} (8... Bd6 9. e4 {[%cal Ge4e5]} dxe4 (9... Bg4 $14 {means losing a tempo over the normal ...g4 lines.}) 10. dxe4 Bxe4 11. Nxe4 Nxe4 12. Bxg7 Rg8 13. Bb2 $16 {Soors,S (2176)-Ulziibayar,B Vung Tau 2008 (1-0, 24)}) (8... Be7 9. e4 dxe4 10. dxe4 Bh7 11. Qe2 {The queen gets to this best square without wasting a tempo with e1.} O-O 12. Rfd1 Qc7 13. a3 Rfd8 14. e5 Ne8 15. Nc4 Nb6 16. Ne3 Rxd1+ 17. Rxd1 Rd8 18. c4 Nd7 19. b4 $14 {Kuzubov,Y (2624)-Chadaev,N (2568) Moscow 2011 (1-0, 58)}) 9. e4 $1 {Shattering Black's hopes. White spent 11 minutes on this move, possibly meaning that the concrete position was not familiar to him.} Bc5 $146 {Black also reacted after a while, 9 minutes. He probably did not like the surprise at all.} (9... dxe4 10. dxe4 Nxe4 11. Nxe4 Bxe4 12. Qe2 {leaves Black with the king in the centre as he cannot develop his kingside easily.} Bxf3 13. Qxf3 Qg5 14. Rad1 Be7 15. h4 Qg6 16. Qf4 O-O-O {Defending against the intrusion on c7, but exposing the king to a long term attack.} 17. Qa4 Bc5 (17... Kb8 18. b4 $36) 18. b4 Qg4 19. c4 Qxc4 20. Bxc6 Nb6 21. Qxa7 Bxf2+ 22. Kxf2 Qxc6 23. Bd4 $40 {Forster,R (2459)-Dunis,A (2405) Leipzig 2002 (1-0, 34)}) ({RR} 9... dxe4 10. dxe4 Nxe4 11. Nxe4 Bxe4 12. Qe2 Bxf3 13. Qxf3 Qg5 14. Rad1 Be7 15. h4 Qg6 16. Qf4 O-O-O 17. Qa4 Bc5 18. b4 Qg4 19. c4 Qxc4 20. Bxc6 Nb6 21. Qxa7 Bxf2+ 22. Kxf2 Qxc6 23. Bd4 Nc4 24. Rc1 {Forster,R (2459)-Dunis,A (2405) Leipzig 2002 1-0 (34)}) ({RR} 9... Bb4 10. a3 Ba5 11. Qe2 O-O 12. b4 Bc7 13. e5 Ne8 14. c4 g5 15. Nb3 Ng7 16. h3 Qe7 17. Bc3 Rae8 18. Rfe1 Bg6 19. Rad1 Bh5 20. g4 Bg6 21. Bd4 Bb6 22. Bc3 Rc8 23. Qb2 Rfd8 24. a4 {Artemiev,V (2761)-Fedoseev,V (2680) Poikovsky 2019 1-0 (56)}) ({RR} 9... dxe4 10. dxe4 Nxe4 11. Nxe4 Bxe4 12. Qe2 Bxf3 13. Qxf3 Qe7 14. Rad1 O-O-O 15. Qe3 Kb8 16. Rfe1 Nb6 17. a4 Rxd1 18. Rxd1 f6 19. c4 Nc8 20. a5 a6 21. Bh3 Qc7 22. Qxe6 Bc5 23. Bc3 Rd8 24. Rxd8 {Sanal,V (2557)-Grebnev,A (2555) chess.com INT 2025 ½-½ (103)}) ({RR} 9... dxe4 10. dxe4 Be7 11. Qe2 O-O 12. Rfd1 Qc7 13. a3 Rfd8 14. e5 Ne8 15. Nc4 Nb6 16. Ne3 Rxd1+ 17. Rxd1 Rd8 18. c4 Nd7 19. b4 a5 20. Bc3 axb4 21. axb4 Nb6 22. c5 Rxd1+ 23. Qxd1 Nd5 24. Nxd5 {Kuzubov,Y (2624)-Chadaev,N (2568) Moscow 2011 1-0 (58)}) ({RR} 9... dxe4 10. dxe4 Nxe4 11. Nxe4 Bxe4 12. Re1 Bxf3 13. Qxf3 Qg5 14. Rad1 Qg6 15. Qf4 O-O-O 16. Be4 f5 17. Bxc6 bxc6 18. Qc4 Nc5 19. b4 Qg4 20. Rxd8+ Kxd8 21. Qxg4 fxg4 22. bxc5 Kd7 23. Rd1+ Kc8 24. Re1 {Adly,A (2586)-Mas,H (2439) Dresden 2008 1-0 (62)}) 10. e5 Ng8 11. d4 $1 {Causing a lack of coordination between Black's minor pieces.} ({Slow play would allow Black to complete the development adequately:} 11. Qe2 Ne7 12. Kh1 a5 13. Nh4 Nf8 14. f4 Nfg6 15. Ndf3 a4 16. Bh3 O-O 17. f5 $6 Nxh4 18. Nxh4 Nxf5 19. Nxf5 Bxf5 20. Bxf5 exf5 21. Rxf5 axb3 22. axb3 Rxa1+ 23. Bxa1 Qd7 $15 {Thiede,L (2280)-Hracek,Z (2510) Germany 1994 (0-1, 64)}) 11... Bb6 {Played instantly and dooming Black to a hopeless position. Of course it was desirable to keep the e7-square available for the knight but abandoning the a3-f8 diagonal to White's mercy is a fatal idea. There were two good alternatives.} (11... Bf8 $5 12. c4 Ne7 13. Ne1 g5 14. Qe2 Nf5 {with reasonable play even though White has the better of things..}) (11... Bb4 $5 12. c3 Bf8 13. a4 Ne7 14. b4 a5 $132 15. b5 $6 cxb5 16. axb5 Bd3 17. Re1 Bxb5 {1-0 (70) Adithya,B (2311)-Adu,O (2199) Rockville 2013}) ({But} 11... Be7 $6 {is too sophisticated:} 12. c4 g5 13. Ne1 Bg6 14. Qe2 ({Black's delay in development requires more active moves:} 14. f4 $1 h5 15. cxd5 cxd5 16. f5 Bxf5 17. Bxd5 {[%cal Gd2c4,Gc4d6]} Bg4 18. Bf3 Nh6 19. Ne4 $16) 14... h5 15. Nd3 Nh6 {Dannevig,O (2325)-Royset,P (2240) Norway 1997 (1-0, 61), with reasonable play for Black,}) 12. c4 Ne7 13. Ba3 $16 {Actually this game could have been an excellent example for my article published on this same DVD about natural moves. Apparently Black has not done anything wrong but his position is already hopeless after 13 moves.He has no space the b6-bishop is passive and its rival on a3 is killing. All these must have prematurely relaxed White when playing the next move.} O-O ({Black spent 17 minutes on this natural move. He might have investigated the consequences of} 13... c5 14. cxd5 exd5 (14... Nxd5 15. Nc4 $16) 15. Bh3 cxd4 16. e6 {and Black is doomed as he has no time to castle.}) 14. Bd6 $2 {Played after less than one minute and giving Black the chance to get out of deep water.} ({He should have taken measures against ...c5 with} 14. Rc1 $1 {for instance} Rc8 15. Bd6 c5 16. cxd5 exd5 17. Bh3 $16) 14... dxc4 $2 {Mircea probably abandoned the hope of freeing his position during the long thought over the previous move. Obviously he as worried about being burried alive after c4-c5.} ({And yet, now was a good moment for} 14... c5 $1 15. cxd5 exd5 16. dxc5 Bxc5 $11) 15. bxc4 Bc7 16. Qb3 {White plays now at his leisure.} Rb8 17. Qa3 Re8 18. Rac1 Ra8 19. Nb3 a5 20. Rfd1 Nf5 21. Bxc7 $5 {Flexible thinking. White gives up the outpost for getting a different (dynamic) sort of advantage.} (21. c5 {at least offers Black the d5-square after} Ne7 $16 {and it will take some time to break the fortress.}) 21... Qxc7 22. d5 $1 exd5 23. cxd5 Nxe5 24. Nxe5 Rxe5 (24... Qxe5 25. dxc6 bxc6 26. Bxc6 $18) 25. d6 {With White's army perfectly coordinated and Black's army chaotically displayed the d6-pawn decides quickly.} Qb6 26. Nc5 Rd8 27. Qc3 f6 28. d7 Ne7 29. Qc4+ Kh8 30. Ne6 $1 Bg8 31. Nxd8 $1 Qxd8 (31... Bxc4 32. Nxb7 Qxb7 33. d8=Q+ Kh7 34. Rxc4 $18) 32. Qd4 {The rest is pure inertia.} Nd5 33. Bh3 Re7 34. Qa7 Rxd7 35. Bxd7 Qxd7 36. Qxa5 Qg4 37. Qd2 Bh7 38. Re1 Be4 39. Rc4 f5 40. Qe2 {Even though Medicina were already champions, this match was very important. There had been voices claiming that we would lose on purpose to allow our opponents get the bronze medals. This was far from our intention and we won the match by a large margin.} 1-0

[Event "Saint Louis Champions Showdown G05"]
[Site "Saint Louis"]
[Date "2017.11.12"]
[Round "4.1"]
[White "Nakamura, Hikaru"]
[Black "Topalov, Veselin"]
[Result "1-0"]
[WhiteElo "2780"]
[BlackElo "2749"]
[PlyCount "75"]
[EventDate "2017.11.12"]
[EventType "match (blitz)"]
[EventRounds "12"]
[EventCountry "USA"]
[SourceTitle "CBM 182"]
[Source "ChessBase"]
[SourceDate "2018.01.17"]
[SourceVersion "1"]
[SourceVersionDate "2018.01.17"]
[SourceQuality "1"]

1. Nf3 d5 2. g3 Nf6 3. Bg2 g6 4. b3 Bg7 5. Bb2 O-O 6. O-O c6 7. d3 Bg4 8. Nbd2 Nbd7 9. h3 Bxf3 10. Nxf3 Re8 ({RR} 10... e6 11. c4 Ne8 12. Qc2 Bxb2 13. Qxb2 Qf6 14. Rab1 Qxb2 15. Rxb2 Nd6 16. cxd5 cxd5 17. Rc1 Rac8 18. Rbc2 Rxc2 19. Rxc2 Rc8 20. Rxc8+ Nxc8 21. d4 Nd6 22. e3 Ne4 23. Ne1 Nc3 24. a3 Nb1 25. Nc2 {Topalov,A (2233)-Antoniou,R (2041) chess.com INT 2025 1-0 (63)}) 11. d4 ({RR} 11. c4 e5 12. cxd5 cxd5 13. Nd2 Rc8 14. Rc1 Qa5 15. a3 Qb6 16. b4 a5 17. Qa4 axb4 18. axb4 Bf8 19. b5 Rxc1 20. Rxc1 Bc5 21. Rf1 Nh5 22. d4 Bxd4 23. Bxd4 exd4 24. Bxd5 Rxe2 25. Nc4 Qf6 {Bacrot,E (2720)-Safarli,E (2649) Dubai 2014 1-0 (33)}) 11... a5 $146 ({RR} 11... Ne4 12. e3 Qb6 13. Nd2 Nd6 14. Qe2 e5 15. dxe5 Nxe5 16. Rab1 f5 17. Bd4 Qc7 18. Rfd1 Rad8 19. Nf3 Nxf3+ 20. Bxf3 Nb5 21. Qd3 Bxd4 22. exd4 Qa5 23. Ra1 Nc3 24. Qd2 b6 25. Re1 Ne4 26. Qxa5 {Matusiak,M (1602)-Grochowalski,P (2085) Wloclawek 2019 0-1 (71)}) ({RR} 11... e6 12. c4 dxc4 13. bxc4 Nb6 14. c5 Nbd5 15. Rb1 b5 16. Ne5 Qc7 17. Qc2 a5 18. Bc1 Red8 19. Rd1 Nd7 20. Nf3 Nb4 21. Qb3 Nd5 22. e4 a4 23. Qc2 Ne7 24. Bf4 e5 25. d5 cxd5 26. exd5 {Antonova,N (1967)-Ampaire,S (1839) Kazan RUS 2024 1-0 (52)}) 12. a4 Ne4 13. e3 e6 14. c4 Ndc5 15. Ne5 Na6 16. Nd3 Nd6 17. Qc2 Rc8 18. c5 Ne4 19. Kh2 Qc7 20. Rac1 h5 21. Bxe4 dxe4 22. Ne5 f5 23. Nxg6 Kf7 24. Nf4 h4 25. Bc3 Rh8 26. f3 hxg3+ 27. Kg2 exf3+ 28. Rxf3 Qd7 29. e4 Nb4 30. Qe2 Bh6 31. Rcf1 Rce8 32. Bxb4 axb4 33. exf5 exf5 34. Qc4+ Kf6 35. Nh5+ Kg6 36. Rxf5 Bg5 37. Nxg3 Re3 38. d5 1-0

[Event "Saint Louis Champions Showdown G05"]
[Site "Saint Louis"]
[Date "2017.11.12"]
[Round "6.1"]
[White "Nakamura, Hikaru"]
[Black "Topalov, Veselin"]
[Result "1-0"]
[WhiteElo "2780"]
[BlackElo "2749"]
[PlyCount "83"]
[EventDate "2017.11.12"]
[EventType "match (blitz)"]
[EventRounds "12"]
[EventCountry "USA"]
[SourceTitle "CBM 182"]
[Source "ChessBase"]
[SourceDate "2018.01.17"]
[SourceVersion "1"]
[SourceVersionDate "2018.01.17"]
[SourceQuality "1"]

1. Nf3 d5 2. g3 Nf6 3. Bg2 e6 4. d3 Be7 5. O-O O-O 6. Nbd2 Nc6 7. d4 a5 8. c3 b6 9. Re1 Bb7 10. e4 dxe4 11. Nxe4 Nxe4 12. Rxe4 Bf6 13. Re1 Ne7 14. Qc2 $146 ({RR} 14. h4 a4 15. Bg5 Bxg5 16. hxg5 Ng6 17. Qd2 Ra5 18. b4 axb3 19. axb3 Bxf3 20. Bxf3 Rxg5 21. Bg2 h5 22. Ra8 Qf6 23. Rxf8+ Nxf8 24. d5 h4 25. dxe6 Nxe6 26. Re3 hxg3 27. fxg3 Re5 28. Rd3 Qg5 {Malakhov,V (2648)-Lysyj,I (2589) chess.com INT 2024 ½-½ (37)}) ({RR} 14. h4 a4 15. Bg5 Bxg5 16. hxg5 Ng6 17. Qd2 Ra5 18. b4 axb3 19. axb3 Bxf3 20. Bxf3 Rxg5 21. Bg2 h5 22. Ra8 Qf6 23. Rxf8+ Nxf8 24. d5 h4 25. dxe6 Nxe6 26. Re3 hxg3 27. fxg3 Re5 28. Rd3 Qg5 {Malakhov,V (2648)-Lysyj,I (2589) chess.com INT 2024 ½-½ (37)}) 14... Bd5 15. Nd2 Bxg2 16. Kxg2 Nd5 17. Nf3 Rc8 18. Re4 c5 19. dxc5 Rxc5 20. Qe2 Qc8 21. Bd2 Rd8 22. a4 Qb7 23. Re1 Qc6 24. h4 h6 25. Kg1 Ne7 26. Nh2 h5 27. Nf3 b5 28. Bg5 Qb7 29. Bxf6 gxf6 30. Nd4 bxa4 31. Nxe6 fxe6 32. Rxe6 Ng6 33. Rxf6 Nf8 34. Kh2 Rcd5 35. Qe3 Qg7 36. Qf3 Rd3 37. Qf4 Rd2 38. Re5 Ng6 39. Rxg6 Qxg6 40. Rg5 R2d6 41. Qxa4 Qxg5 42. hxg5 1-0

[Event "Wch U20 56th"]
[Site "Tarvisio"]
[Date "2017.11.16"]
[Round "4"]
[White "Karthikeyan, Murali"]
[Black "Moroni, Luca Jr"]
[Result "1-0"]
[WhiteElo "2578"]
[BlackElo "2506"]
[PlyCount "163"]
[EventDate "2017.11.13"]
[EventType "swiss"]
[EventRounds "11"]
[EventCountry "ITA"]
[SourceTitle "CBM 181 Extra"]
[Source "ChessBase"]
[SourceDate "2017.12.12"]
[SourceVersion "1"]
[SourceVersionDate "2017.12.12"]
[SourceQuality "1"]

1. Nf3 Nf6 2. g3 d5 3. Bg2 e6 4. O-O c5 5. d3 Nc6 6. Nbd2 g6 7. e4 Bg7 8. c3 O-O 9. Re1 a5 10. a4 b6 11. Nf1 ({RR} 11. exd5 exd5 12. Nf1 h6 13. Bf4 Nh5 14. Ne5 Bb7 15. Nxc6 Bxc6 16. Be5 Bxe5 17. Rxe5 Qd6 18. d4 Rfe8 19. Qd2 Kg7 20. Rae1 Nf6 21. Qf4 cxd4 22. Qxd4 Qc5 23. Qf4 Qd6 24. b3 Rxe5 25. Qxe5 Qxe5 {Fressinet,L (2717)-Vitiugov,N (2742) Dubai 2014 ½-½ (46)}) 11... e5 ({RR} 11... dxe4 12. dxe4 Qxd1 13. Rxd1 Ba6 14. Bf4 Nxe4 15. Ne1 f5 16. Nd2 Nxd2 17. Bxc6 Nb3 18. Bxa8 Nxa1 19. Bc6 Nb3 20. Bc7 Rc8 21. Rd8+ Rxd8 22. Bxd8 Kf7 23. Bxb6 Ke7 24. Bc7 Bc8 25. Nc2 Bd7 26. Bb5 {Kshatriya,N (2133)-Nitish,B (2441) Bengaluru IND 2025 0-1 (40)}) 12. Ne3 $146 ({RR} 12. exd5 Nxd5 13. Ne3 Nxe3 14. Bxe3 Be6 15. Nd2 Bd5 16. Bxd5 Qxd5 17. Nc4 Rab8 18. Qb3 Ne7 19. Rad1 Qf3 20. Bg5 Nc6 21. Nxb6 Na7 22. Qd5 Qg4 23. Be7 Rxb6 24. Bxc5 Rxb2 25. c4 e4 26. Bxa7 exd3 {Abergel,T (2414)-Prilleltensky,M (2131) Paracin 2021 1-0 (36)}) ({RR} 12. Bg5 d4 13. Qc2 h6 14. Bxf6 Bxf6 15. N1d2 Bg7 16. Nc4 Be6 17. Rad1 Qc7 18. Na3 Rae8 19. Nb5 Qd7 20. Nh4 Bf6 21. Nf3 Kh7 22. h4 Rd8 23. Kh2 Bg4 24. Rd2 Kg7 25. Ng1 g5 26. f3 Be6 {Serafim Junior,A (1849)-Mekhitarian,K (2551) Campo Grande 2015 0-1 (44)}) 12... d4 13. Nd5 h6 14. Nd2 Be6 15. Nc4 Rb8 16. Qf3 Kh7 17. Ra3 Nd7 18. h4 h5 19. Bh1 Ne7 20. Qe2 Nf6 21. Nxe7 Qxe7 22. Nxe5 Qe8 23. Bf4 Rd8 24. Nf3 Bg4 25. Bc7 Rc8 26. Bd6 Rg8 27. e5 Nd7 28. Ng5+ Kh8 29. Qe4 Bf5 30. Qd5 f6 31. Nf7+ Kh7 32. e6 Ne5 33. Bxe5 Bxe6 34. Bf4 Bxd5 35. Rxe8 Bxf7 36. Re7 Rgf8 37. Rb7 Rce8 38. Ra1 Re2 39. c4 Be6 40. Rxb6 Bf5 41. Bf3 Bxd3 42. Bxe2 Bxe2 43. Bd2 f5 44. Bxa5 d3 45. f4 Bd4+ 46. Kg2 Re8 47. Bd2 Be3 48. Bxe3 Rxe3 49. Rd6 Bg4 50. Rf1 Re2+ 51. Rf2 Bh3+ 52. Kg1 Re1+ 53. Kh2 Bf1 54. Rd2 Rc1 55. Kg1 Rc2 56. Kxf1 Rxd2 57. b3 Rd1+ 58. Kf2 d2 59. Rd3 Rb1 60. Ke2 d1=Q+ 61. Rxd1 Rxb3 62. Ra1 Kg7 63. a5 Rb7 64. Kd3 Kf7 65. a6 Ra7 66. Ra5 Ke6 67. Rxc5 Rxa6 68. Re5+ Kd7 69. Kd4 Ra3 70. Re3 Ra1 71. Kd5 Rd1+ 72. Ke5 Ke7 73. Ra3 Re1+ 74. Kd5 Rd1+ 75. Kc6 Rd6+ 76. Kb5 Rd1 77. c5 Re1 78. Kb6 Rb1+ 79. Kc7 Ke6 80. c6 Re1 81. Rd3 Rc1 82. Rd6+ 1-0

[Event "RUS-ch rapid GP final"]
[Site "Khanty-Mansiysk"]
[Date "2017.12.01"]
[Round "3"]
[White "Ponkratov, Pavel"]
[Black "Pridorozhni, Aleksei"]
[Result "1-0"]
[WhiteElo "2613"]
[BlackElo "2571"]
[PlyCount "101"]
[EventDate "2017.12.01"]
[EventType "tourn (rapid)"]
[EventRounds "15"]
[EventCountry "RUS"]
[EventCategory "11"]
[SourceTitle "CBM 181 Extra"]
[Source "ChessBase"]
[SourceDate "2017.12.12"]
[SourceVersion "1"]
[SourceVersionDate "2017.12.12"]
[SourceQuality "1"]

1. Nf3 d5 2. g3 c6 3. Bg2 Bg4 4. h3 Bxf3 5. Bxf3 Nd7 6. Bg2 Ngf6 7. O-O e5 8. d3 Bc5 9. c4 dxc4 10. dxc4 O-O 11. Qc2 $146 ({RR} 11. Nc3 Qe7 12. Qc2 Rfe8 13. Na4 Bd6 14. Rd1 Nc5 15. Nxc5 Bxc5 16. a3 a5 17. Bd2 h6 18. e3 a4 19. Bc3 Bb6 20. Bb4 Bc5 21. Qc3 Red8 22. Rxd8+ Rxd8 23. Bf3 e4 24. Be2 Bd6 25. Kg2 c5 {Ponkratov,P (2622)-Postny,E (2621) Biograd 2018 ½-½ (60)}) 11... a5 12. Nc3 Qe7 13. b3 Ba3 14. Bd2 Bb4 15. Rfd1 Rfd8 16. Be1 Nf8 17. e3 Ne6 18. Qf5 g6 19. Qc2 h5 20. h4 Ng4 21. Bf3 f5 22. Be2 e4 23. a3 Bxa3 24. Rxd8+ Rxd8 25. Nxe4 fxe4 26. Bxa5 Rf8 27. Bxg4 hxg4 28. Qxe4 Qf6 29. Ra2 Bd6 30. Qxg4 Nc5 31. Bc3 Qxc3 32. Qxg6+ Qg7 33. Qxd6 Nxb3 34. Qb4 Nc1 35. Rd2 Qa1 36. Kg2 Qf6 37. c5 Qf7 38. f4 Re8 39. Qc3 Na2 40. Qb2 Ra8 41. e4 Qe6 42. Rd4 Qe7 43. Rc4 Qe6 44. Rd4 Qe7 45. Kh3 Qxc5 46. Qxb7 Qxd4 47. Qxa8+ Kg7 48. Qxa2 Qxe4 49. Qa1+ Kg6 50. h5+ Kxh5 51. Qe5+ 1-0

[Event "NED-ch rapid"]
[Site "Amstelveen"]
[Date "2017.12.02"]
[Round "1"]
[White "Giri, Anish"]
[Black "Van den Doel, Erik"]
[Result "1-0"]
[WhiteElo "2752"]
[BlackElo "2589"]
[PlyCount "139"]
[EventDate "2017.12.02"]
[EventType "tourn (rapid)"]
[EventRounds "7"]
[EventCountry "NED"]
[EventCategory "15"]
[SourceTitle "CBM 181 Extra"]
[Source "ChessBase"]
[SourceDate "2017.12.12"]
[SourceVersion "1"]
[SourceVersionDate "2017.12.12"]
[SourceQuality "1"]

1. Nf3 d5 2. g3 Bg4 3. Bg2 Nd7 4. O-O e6 5. h3 Bh5 6. d3 ({RR} 6. d4 Ngf6 7. c4 c6 8. cxd5 exd5 9. Qb3 Nb6 10. Nc3 Be7 11. a4 a5 12. Ne5 Bg6 13. f4 Bf5 14. g4 Bc8 15. f5 O-O 16. Bf4 Ne8 17. e4 dxe4 18. Nxe4 Qxd4+ 19. Kh1 Nd5 20. Rad1 Qb4 {Eljanov,P (2680)-Caruana,F (2828) Chess.com INT 2019 1-0 (39)}) 6... Bd6 ({RR} 6... Ngf6 7. c4 c6 8. cxd5 exd5 9. e4 dxe4 10. dxe4 Bxf3 11. Qxf3 Be7 12. Nc3 O-O 13. Bf4 Qa5 14. a3 Ne5 15. Qe2 Rad8 16. Qc2 Ng6 17. b4 Qa6 18. Be3 Ne5 19. Rfd1 Rxd1+ 20. Nxd1 Rd8 21. Qc3 {Lutze,M (2136)-Rosol,P (2150) Schwarzach AUT 2024 ½-½ (36)}) 7. Nbd2 $146 ({RR} 7. c4 Ngf6 8. Nc3 c6 9. cxd5 cxd5 10. Qb3 O-O 11. Be3 Bxf3 12. Bxf3 Bc5 13. Bd2 b6 14. Bg2 Ne5 15. Rac1 Qd7 16. Qb5 Rac8 17. Qxd7 Nfxd7 18. Na4 Be7 19. Rxc8 Rxc8 20. Rc1 Rxc1+ 21. Bxc1 Kf8 {Jaidambareesh N R (1624)-Mehar,C (2390) Bhubaneswar IND 2023 0-1 (66)}) ({RR} 7. c4 Ngf6 8. Nc3 c6 9. cxd5 exd5 10. Qc2 Bxf3 11. exf3 O-O 12. f4 Bc5 13. Rb1 a5 14. a3 Qe7 15. b4 axb4 16. axb4 Bxb4 17. Na2 Bc5 18. Rxb7 Rfc8 19. Bd2 Bd4 20. Nb4 Qd6 21. Na2 h5 {Veisi,B (2316)-Pourramezanali,A (2486) Teheran 2019 0-1 (43)}) 7... Ne7 8. e4 O-O 9. b3 c5 10. Bb2 Nc6 11. Re1 a5 12. a4 Be5 13. Bxe5 Ndxe5 14. exd5 Nxf3+ 15. Nxf3 exd5 16. g4 Bg6 17. Ne5 Qd6 18. Nxc6 bxc6 19. Qe2 Rab8 20. Qe7 Qxe7 21. Rxe7 Rfe8 22. Ra7 Ra8 23. Rxa8 Rxa8 24. Re1 Kf8 25. f4 f6 26. Kf2 Re8 27. Rg1 Ke7 28. h4 Kd6 29. Bf3 Bf7 30. g5 f5 31. h5 Re7 32. Rh1 Be8 33. h6 g6 34. Be2 Bf7 35. Rh3 Re8 36. Rf3 d4 37. Ke1 Bd5 38. Rg3 Re7 39. Kd2 Re8 40. Bd1 Re7 41. Be2 Re8 42. Bf1 Re7 43. Bh3 Re8 44. Bf1 Re7 45. Be2 Re8 46. Bd1 Re7 47. Rg1 Re8 48. Re1 Rxe1 49. Kxe1 Ke7 50. Kd2 Kd6 51. Kc1 Kc7 52. Kb2 Kb6 53. c3 Kc7 54. Ka3 dxc3 55. Ka2 c2 56. Bxc2 Bf3 57. Kb2 Kd6 58. d4 Bg4 59. Kc3 Kd5 60. dxc5 Kxc5 61. Bd3 Kd5 62. b4 axb4+ 63. Kxb4 Kd4 64. Bc4 c5+ 65. Kb5 Bf3 66. a5 Bg2 67. a6 Bf3 68. a7 Bg2 69. Bg8 Bf3 70. Bxh7 1-0

[Event "Huaian IMSA blitz (Women) 2nd"]
[Site "Huaian"]
[Date "2017.12.12"]
[Round "5.2"]
[White "Stefanova, Antoaneta"]
[Black "Muzychuk, Mariya"]
[Result "1-0"]
[WhiteElo "2500"]
[BlackElo "2544"]
[PlyCount "105"]
[EventDate "2017.12.12"]
[EventType "tourn (blitz)"]
[EventRounds "22"]
[EventCountry "CHN"]
[SourceTitle "CBM 182 Extra"]
[Source "ChessBase"]
[SourceDate "2018.02.23"]
[SourceVersion "1"]
[SourceVersionDate "2018.02.23"]
[SourceQuality "1"]

1. Nf3 d5 2. g3 c6 3. Bg2 Bf5 4. O-O e6 5. d3 Nf6 6. Nh4 Bg4 7. h3 Bh5 8. Qe1 Be7 9. f4 Nfd7 10. Nf3 f5 11. e4 O-O 12. Kh2 Na6 13. Nd4 Nc7 14. Nc3 c5 $146 ({RR} 14... Kh8 15. b3 Bf6 16. e5 Be7 17. a4 Bc5 18. Nce2 Qe7 19. c3 a5 20. Nc2 b5 21. Ned4 Ra6 22. axb5 cxb5 23. Rxa5 Rxa5 24. Nc6 Ra2 25. Nxe7 Rxc2 26. g4 Bxe7 27. gxh5 Ra8 28. Be3 Raa2 29. Rf2 {Miller,E (2309)-Gaede,D (2298) Dresden 2018 1-0 (42)}) 15. Nxe6 Nxe6 16. exf5 Nd4 17. Bxd5+ Bf7 18. Rf2 Nxf5 19. Bxb7 Rb8 20. Bg2 Bf6 21. a4 Re8 22. Re2 Nd4 23. Rxe8+ Qxe8 24. Qd1 Bh5 25. g4 Bg6 26. Ne4 c4 27. Nd6 Qe2 28. Qxe2 Nxe2 29. Nxc4 Nxc1 30. Rxc1 Nc5 31. b3 Re8 32. Bf3 Bf7 33. Nd6 Rd8 34. Nxf7 Kxf7 35. Re1 Bd4 36. Kg2 Rc8 37. Bd5+ Kf8 38. Kf3 Nd7 39. Re2 Nf6 40. Be6 Rc6 41. f5 h6 42. h4 Rd6 43. g5 hxg5 44. hxg5 Ne8 45. b4 Nc7 46. Bc4 a6 47. Rh2 Bc3 48. b5 axb5 49. axb5 Rb6 50. Rh8+ Ke7 51. Rh7 Nxb5 52. f6+ Kf8 53. Rh8# 1-0